=LDR 00000nam 2200000 4500 =001 INLIS000000000027487 =005 20130612125847 =008 ***********************************Ind** =035 ##$$0010-061300000027487 =041 ##$$a Ind =082 ##$$a 530.07 =090 ##$$a 530.07, Pur s =100 ##$$a Purwanto, Budi =245 ##$$a Sain fisika, Konsep dan penerapannya, Budi purwanto; Editor, Indratno =260 ##$$a 2004 $b Solo =300 ##$$a Jil, ilus, 26 cm =650 ##$$a Fisika-Studi dan pengajaran =700 ##$$a Indratno =850 ##$$a NBPNMAT